| 000 | 00646nam a2200229Ia 4500 | ||
|---|---|---|---|
| 003 | OSt | ||
| 005 | 20221007060716.0 | ||
| 006 | a|||||r|||| 00| 0 | ||
| 007 | ta | ||
| 008 | 221006b |||||||| |||| 00| 0 eng d | ||
| 024 | _a24,503 | ||
| 037 | _cTextual | ||
| 040 |
_aFLL _cFLL _beng |
||
| 041 |
_2eng _aeng |
||
| 082 | _aZ252:211:3, H0 | ||
| 100 |
_aSastri L. Subrahmanya _9681208 |
||
| 245 | 0 | _aCommentaries on the U.P. Tenancy act | |
| 260 |
_aAgra _bBansal Press India _c1940 |
||
| 300 |
_alxxxv,1-338,1-289,1-312p _ccm. |
||
| 942 |
_hZ252:211:3, H0 _cTEXL _2CC |
||
| 999 |
_c1123175 _d1123175 |
||